| 000 | 00632nam a2200157Ia 4500 | ||
|---|---|---|---|
| 008 | 100122s9999 xx 000 0 und d | ||
| 082 |
_b67824 _a823 |
||
| 100 | _aकॉनेली मायकेल | ||
| 245 | _aसिटी ऑफ बोन्स अनु- अजित ठाकूर | ||
| 260 |
_bमेहता पब्लिकेशन हाऊस _c2005 |
||
| 300 | _a358 | ||
| 630 | _aसिटी ऑफ बोन्स अनु- अजित ठाकूर | ||
| 700 | _aठाकूर अजित | ||
| 730 | _aसिटी ऑफ बोन्स अनु- अजित ठाकूर | ||
| 942 | _cBOOK | ||
| 999 |
_c439657 _d439654 |
||